Đánh giá một số chỉ tiêu nước mặt lưu vực sông Cầu Đỏ và đề xuất phương án phòng mặn nguồn nước nguyên liệu dùng cho sản xuất nước cấp
Đánh giá một số chỉ tiêu nước mặt lưu vực sông Cầu Đỏ. Đề xuất phương án phòng mặn nhằm đảm bảo nguồn nước nguyên liệu dùng cho sản xuất nước cấp.
Na minha lista:
| Autor principal: | |
|---|---|
| Outros Autores: | |
| Formato: | Livro |
| Idioma: | Vietnamese |
| Publicado em: |
Đà Nẵng
Đại học Sư phạm, Đại học Đà Nẵng
2013
|
| Assuntos: | |
| Tags: |
Adicionar Tag
Sem tags, seja o primeiro a adicionar uma tag!
|
| Thư viện lưu trữ: | Mạng thư viện Đại học Đà Nẵng |
|---|
| LEADER | 01866nam a2200373 4500 | ||
|---|---|---|---|
| 001 | 000018722 | ||
| 003 | 15157 | ||
| 005 | 20140109100159.0 | ||
| 008 | 131224s2013 viesd | ||
| 041 | |a vie | ||
| 082 | 1 | 4 | |a 628.16 |b TR-T |
| 100 | 1 | |a Trần Thị Thu Trang | |
| 245 | 1 | 0 | |a Đánh giá một số chỉ tiêu nước mặt lưu vực sông Cầu Đỏ và đề xuất phương án phòng mặn nguồn nước nguyên liệu dùng cho sản xuất nước cấp |c Trần Thị Thu Trang ; Nguyễn Thị Hường hướng dẫn |k Khóa luận tốt nghiệp |
| 260 | |a Đà Nẵng |b Đại học Sư phạm, Đại học Đà Nẵng |c 2013 | ||
| 300 | |a 46 tr., phụ lục 3 tr. |b Hình mh. |c 29 cm. |e Bản tóm tắt | ||
| 500 | |a Khóa luận tốt nghiệp đại học. Chuyên ngành: Cử nhân Khoa học quản lý môi trường | ||
| 520 | |a Đánh giá một số chỉ tiêu nước mặt lưu vực sông Cầu Đỏ. Đề xuất phương án phòng mặn nhằm đảm bảo nguồn nước nguyên liệu dùng cho sản xuất nước cấp. | ||
| 650 | 0 | 4 | |a Nguồn nước |v Khóa luận tốt nghiệp |x Phòng mặn |z Đà Nẵng (Sông Cầu Đỏ) |
| 653 | |a Khoa Hóa | ||
| 653 | |a Sản xuất nước cấp | ||
| 653 | |a Nguồn nước | ||
| 653 | |a Nước mặt | ||
| 653 | |a Phòng mặn | ||
| 700 | 1 | |a Nguyễn Thị Hường |e Hướng dẫn | |
| OWN | |a LSP | ||
| AVA | |a UDN50 |b LSP |d 628.16 TR-T |e available |t Error 5001 Not defined in file expand_doc_bib_avail. |f 1 |g 0 |h N |i 0 |k 1 | ||
| 999 | |a From the UDN01 | ||
| AVA | |a UDN50 |b LSP |d 628.16 TR-T |e available |t Error 5001 Not defined in file expand_doc_bib_avail. |f 1 |g 0 |h N |i 0 |k 1 | ||
| TYP | |a Monograph | ||
| TYP | |a Printed language | ||
| 980 | |a Mạng thư viện Đại học Đà Nẵng | ||